| 000 | 00385nam a22001337a 4500 | ||
|---|---|---|---|
| 082 |
_a624.15136 _bMAL _cN-01,P-89 |
||
| 100 |
_aMalhotra. v.m _941066 |
||
| 245 |
_aAdvances in concrete technology _bMalhotra. v.m |
||
| 260 |
_aLas vegas, Nevada, USA _c1995 |
||
| 300 |
_a24cm _bill. _cviii. 643 p. |
||
| 526 |
_a0 _b0 _c0 _d624_151360000000000_MAL |
||
| 650 |
_aNUST _96342 |
||
| 942 |
_2ddc _cBK |
||
| 999 |
_c546373 _d546373 |
||